Mort subite Ils vont par 12 - Statistiques

Statistiques générales
  • Ce quiz a été pris 216 fois
  • Le résultat moyen est 4 sur 18
Answers on the Grid
Answers color-coded by a green-red scale on the quiz's grid according to % correct below.
Les candidats aux élections présidentielles de 2022
Les départements de la région Auvergne-Rhône-Alpes
Les départements de la région Nouvelle-Aquitaine
Les départements de la région Grand Est
Les salopards de Robert Aldrich en 1967
Les mois de l'année
Les signes du zodiaque chinois
Les signes du zodiaque occidental
Les régions continentales en France
Les travaux d'Hercule
Les rois d'Angleterre prénommés Henri
Les tribus d'Israël
Les deniers dans un douzain
Les paires de côtes chez l'homme
Les apôtres du Christ
Les étoiles du drapeau européen
Le nombre de jurés dans une cour d'assise en France
Les preux de Charlemagne
Les dans au judo
Le nombre de syllabes d'un alexandrin
Les hommes en colère de Sidney Lumet en 1957
Les lunaisons dans une année
Les colonies d'origine des Etats-Unis
Les noeuds de la corde servant à mesurer des bâtisseurs de cathédrales
Les saints auxiliaires
Les carreaux dans un jeu de taquin
Les rois de France prénommés Louis
Les empereurs romains
Les papes prénommés Grégoire
Les navires anglais ayant accosté en Australie en 1788 pour fonder une colonie
Les missions Apollo
Les pays européen ayant adopté l'Euro en 1999
Les apôtres morts en martyrs
Les pointes de la feuille d'érable du drapeau canadien
Les Oscars remportés par Ben Hur en 1959
Les Oscars remportés par Titanic en 1997
Les joueurs d'une équipe de cricket
Les plaies d'Egypte
Les commandements de Dieu
Les pions par joueur aux échecs
 
Statistiques - réponses
Réponse % Correct
Les travaux d'Hercule
51%
Les mois de l'année
49%
Les apôtres du Christ
42%
Les signes du zodiaque occidental
41%
Le nombre de syllabes d'un alexandrin
36%
Les signes du zodiaque chinois
28%
Les hommes en colère de Sidney Lumet en 1957
21%
Les salopards de Robert Aldrich en 1967
16%
Les deniers dans un douzain
14%
Les étoiles du drapeau européen
13%
Les tribus d'Israël
9%
Les dans au judo
8%
Les paires de côtes chez l'homme
8%
Les candidats aux élections présidentielles de 2022
7%
Les régions continentales en France
4%
Les départements de la région Auvergne-Rhône-Alpes
3%
Les preux de Charlemagne
3%
Les départements de la région Nouvelle-Aquitaine
2%
Aucun quiz correspondant
Distribution des résultats
% des personnes avec chaque résultat
Percentile par nombre de réponses
Votre historique - résultats
Vous n’avez pas pris ce quiz